000 00591nam a2200241 a 4500
001 nice12345678
003 IN_TiNIC
005 20260116011338.0
008 050524s1953 newa grp 000 0 eng
020 _a
_c100
082 0 0 _a270
_bLAT
100 _aLatourette, Kenneth Scott
245 _aHistory of Christianity
260 _aNew York
_bHarper and Row
_c1953
300 _a1516p
500 _aincludes index and biblioraphy
505 2 _aMaps, Index
650 _aChurch-History
700 1 _aLatourette, Kenneth Scott
902 _bSRS
942 _cBK
999 _c702
_d702